brawl stars tytuły - Statystyki

Ogólne statystyki
  • Ten quiz został rozwiązany 173 razy
  • Średni wynik to 18 z 79
Statystyki odpowiedzi
Hint Odpowiedź % Poprawnych
shelly nie czas na wyjaśnienia!
65%
colt piękniś
61%
dynamike ptaszku,ptaszku!
58%
bull buldożer!
57%
piper snajper
51%
edgar prezes brawl stars
49%
bibi kiciuś
48%
brock bum!
46%
nita prosto z dziczy
46%
emz #hejterzy
40%
frank czołg
37%
el primo el luchador
35%
rico kochanek
35%
mandy ciężki orzech
34%
tick gdzie moja głowa?
34%
darryl pirrrat!
34%
poco el mariachi
33%
kit miau
33%
colette kolekcjonerka
32%
carl geolog
31%
jessie konstruktorka
30%
mortis nocna kreatura
30%
pam o mamo!
30%
larry i lawrie prawo to ja!
30%
maks PRĘDKOŚĆ TO JA!
29%
bea królowa
28%
grom lewą ręką!
28%
sam a masz!
26%
kruk kra,kra!
26%
nani niania
26%
griff skąpiec
26%
bo w zgodzie z naturą
26%
stu szaleniec
25%
eve matka
23%
penny nieokrzesaniec
23%
janet rakieta
23%
8-bit sys 64738
22%
tara jakie masz karty?
20%
chester trochę tego, trochę tamtego
20%
pearl daj mi gotować!
19%
ąngelo krwiożerczy
19%
barley masz za swoje!
19%
gale woźny
19%
pan p boss
18%
hank mały sierżant
18%
otis artysta
17%
kieł mistrz trampek
17%
lola histeryczka
16%
spike jedyny w swoim rodzaju
16%
cordelius toksyczny
16%
ash samo dno
15%
sandy śpioch
15%
surge koleś
14%
maisie mistrz rozwałki
14%
bonnie lekkoduch
13%
leon przebiegły
13%
rosa wracając do rzeczywistości
13%
buzz zły do szpiku
13%
melodie nieustraszona
12%
mico tak cię to bawi?
12%
gus zagubiony
12%
lou jest tu dla ciebie!
11%
byron rewelacja!
11%
belle czuję moc
10%
gray podejrzany typ
10%
ruffs pułkownik
10%
buster hekatomba
9%
chuck maestro
9%
squeak to był wypadek!
9%
lily dwulicowiec
8%
gene porozmawiaj z dłonią!
8%
willow jest w twojej głowie!
6%
draco mistrz lochów
5%
amber podpalaczka
5%
charlie niesamowity
4%
kiełek obrońca zieleni
3%
r-t obserwator
3%
meg wsparcie technologiczne 2.0
3%
doug zwyżerca
3%
Nie znaleziono quizów pasujących do podanych kryteriów
Rozkład punktacji
Procent ludzi z każdym wynikiem
Percentyl według liczby udzielonych odpowiedzi
Twoja historia wyników
Nie rozwiązałeś tego quizu